| 000 | 00555nam a22002057a 4500 | ||
|---|---|---|---|
| 003 | BUBTL | ||
| 008 | 140128b xxu||||| |||| 00| 0 eng d | ||
| 020 | _a0-314-09488-1 | ||
| 082 | _a346.7307/MIB | ||
| 100 |
_925 _aMiller, Roger Loroy |
||
| 245 |
_aBusiness law today _cby Roger Loroy Miller. |
||
| 250 | _a4th | ||
| 260 |
_aNew York _bWest publishing _cc2000 |
||
| 300 |
_a[xxv],981p.: _bill, Graph; 27cm. _cLaw. |
||
| 521 | _aIncludes index. | ||
| 650 | 0 |
_926 _aLaw |
|
| 856 |
_k0 _l0 _yDownload |
||
| 942 |
_2ddc _cBK |
||
| 999 |
_c16 _d16 |
||